La ruta de su evasión /
Zapisane w:
| Format: | Nieznany |
|---|---|
| Język: | Spanish |
| Wydane: |
Costa Rica :
Editorial Costa Rica
|
| Wydanie: | 3° edición |
| Hasła przedmiotowe: | |
| Etykiety: |
Dodaj etykietę
Nie ma etykietki, Dołącz pierwszą etykiete!
|
MARC
| LEADER | 00000 a2200000 04500 | ||
|---|---|---|---|
| 001 | 48559 | ||
| 003 | |||
| 008 | 050703s2011 cr spa d | ||
| 040 | |a CRAI/IIS |c CRAI/IIS | ||
| 020 | |a 978-9977-23-905-7 | ||
| 022 | |a 978-9977-23-905-7 | ||
| 090 | |a 0003 O66r | ||
| 245 | |a La ruta de su evasión / |c Yolanda Oreamuno | ||
| 250 | |a 3° edición | ||
| 260 | |a Costa Rica : |b Editorial Costa Rica | ||
| 300 | |a 394 páginas | ||
| 500 | |a Ver además análisis de la novela En: REFLEXIONES, vol. 87, n° 1; pp. 63-72 | ||
| 650 | |a NOVELA | ||
| 999 | |c 1967 |d 1967 | ||



